Špecifiká cenín v účtovníctve ROPO a obcí

Osobitná forma peňažných prostriedkov, a to ceniny. V súčasnosti k bežným ceninám môžeme zaradiť aj lokálnu menu Živec a tzv. farmárske stravné lístky. Ilustračné príklady.

Gespeichert in:
Bibliographische Detailangaben
1. Verfasser: Šabíková, Ingrid
Format: Buchkapitel
Sprache:Slowakisch
Schlagworte:
Tags: Tag hinzufügen
Keine Tags, Fügen Sie das erste Tag hinzu!

MARC

LEADER 00000naa a2200000 4500
001 0205962
005 20240502073428.8
041 0 |a slo 
044 |a SK 
245 1 0 |a Špecifiká cenín v účtovníctve ROPO a obcí  |c Ingrid Šabíková 
520 |a Osobitná forma peňažných prostriedkov, a to ceniny. V súčasnosti k bežným ceninám môžeme zaradiť aj lokálnu menu Živec a tzv. farmárske stravné lístky. Ilustračné príklady. 
610 2 0 |a ceniny 
610 2 0 |a obce 
610 2 0 |a správa verejná 
610 2 0 |a organizácie rozpočtové 
610 2 0 |a prípady účtovné 
610 2 0 |a účtovanie 
100 1 |a Šabíková, Ingrid